[Event "Calvia Amateur op 13th"]
[Site "Calvia"]
[Date "2016.10.16"]
[Round "9"]
[White "Wahlund, Max"]
[Black "Greiff, Hakan"]
[Result "0-1"]
[WhiteElo "2080"]
[BlackElo "2212"]
[PlyCount "58"]
[EventDate "2016.10.08"]
[EventType "swiss"]
[EventRounds "9"]
[EventCountry "ESP"]
[SourceTitle "CBM 175 Extra"]
[Source "ChessBase"]
[SourceDate "2016.12.12"]
[SourceVersion "1"]
[SourceVersionDate "2016.12.12"]
[SourceQuality "1"]

1. e4 e5 2. Nf3 Nc6 3. Nc3 Nf6 4. Nxe5 Nxe5 5. d4 Ng6 6. e5 Ng8 7. Bc4 Bb4 8. Qf3 Qe7 9. 0-0 Bxc3 10. bxc3 Nh6 11. g3 0-0 12. h4 d5 13. Bxd5 c6 14. Bb3 Be6 15. Bxh6 gxh6 16. Qh5 Kg7 17. f4 Bxb3 18. f5 f6 19. axb3 Nxe5 20. Rae1 Qf7 21. Qd1 Nd7 22. Re6 Rfe8 23. Rfe1 Nf8 24. c4 Nxe6 25. fxe6 Qg6 26. Kh2 Rad8 27. d5 cxd5 28. cxd5 Qf5 29. c4 Rxe6 0-1

[Event "Calvia Amateur op 13th"]
[Site "Calvia"]
[Date "2016.10.12"]
[Round "5"]
[White "Alemany Jara, Alejandro"]
[Black "Greiff, Hakan"]
[Result "1/2-1/2"]
[WhiteElo "1989"]
[BlackElo "2212"]
[PlyCount "46"]
[EventDate "2016.10.08"]
[EventType "swiss"]
[EventRounds "9"]
[EventCountry "ESP"]
[SourceTitle "CBM 175 Extra"]
[Source "ChessBase"]
[SourceDate "2016.12.12"]
[SourceVersion "1"]
[SourceVersionDate "2016.12.12"]
[SourceQuality "1"]

1. d4 d5 2. Nf3 e6 3. Bf4 Nd7 4. e3 c5 5. Nbd2 Ngf6 6. c3 Be7 7. Bd3 b6 8. 0-0 Bb7 9. h3 0-0 10. Ne5 Nxe5 11. dxe5 Ne4 12. Nxe4 dxe4 13. Bc2 Qxd1 14. Rfxd1 Rfd8 15. c4 g5 16. Bh2 f5 17. exf6 Bxf6 18. Rab1 Rxd1+ 19. Rxd1 Rd8 20. Rxd8+ Bxd8 21. Be5 Kf7 22. b3 a6 23. g4 Bc6 1/2-1/2

[Event "Calvia Amateur op 13th"]
[Site "Calvia"]
[Date "2016.10.11"]
[Round "4"]
[White "Greiff, Hakan"]
[Black "Oriot, Patrice"]
[Result "1/2-1/2"]
[WhiteElo "2212"]
[BlackElo "1980"]
[PlyCount "50"]
[EventDate "2016.10.08"]
[EventType "swiss"]
[EventRounds "9"]
[EventCountry "ESP"]
[SourceTitle "CBM 175 Extra"]
[Source "ChessBase"]
[SourceDate "2016.12.12"]
[SourceVersion "1"]
[SourceVersionDate "2016.12.12"]
[SourceQuality "1"]

1. e4 c6 2. d4 d5 3. exd5 cxd5 4. Bd3 Nc6 5. c3 Qc7 6. Ne2 Bg4 7. f3 Bd7 8. f4 Bg4 9. h3 Bxe2 10. Qxe2 Nxd4 11. Qf2 Nc6 12. Na3 a6 13. Be3 e6 14. 0-0 Nf6 15. Bb6 Qc8 16. Nc2 Be7 17. Rae1 Nd7 18. Be3 h5 19. Nd4 Bf6 20. Nf3 Qc7 21. Ng5 Bxg5 22. fxg5 Nce5 23. Bb1 0-0-0 24. Bd4 f6 25. Qe3 Rdf8 1/2-1/2

[Event "Calvia Amateur op 13th"]
[Site "Calvia"]
[Date "2016.10.09"]
[Round "2"]
[White "Greiff, Hakan"]
[Black "Dugailliez, Guy"]
[Result "1-0"]
[WhiteElo "2212"]
[BlackElo "1999"]
[PlyCount "31"]
[EventDate "2016.10.08"]
[EventType "swiss"]
[EventRounds "9"]
[EventCountry "ESP"]
[SourceTitle "CBM 175 Extra"]
[Source "ChessBase"]
[SourceDate "2016.12.12"]
[SourceVersion "1"]
[SourceVersionDate "2016.12.12"]
[SourceQuality "1"]

1. e4 Nf6 2. e5 Nd5 3. Nc3 Nxc3 4. dxc3 g6 5. Bf4 Bg7 6. Qd2 d6 7. 0-0-0 Nc6 8. Bb5 Bd7 9. exd6 cxd6 10. Nf3 Qa5 11. Bc4 Be6 12. Bxe6 fxe6 13. Kb1 Kd7 14. Bxd6 exd6 15. Qxd6+ Kc8 16. Qd7+ 1-0

[Event "SWE-chT2 1112"]
[Site "Sweden"]
[Date "2012.03.09"]
[Round "7"]
[White "Greiff, Hakan"]
[Black "Lundin, Jan"]
[Result "1/2-1/2"]
[WhiteElo "2275"]
[BlackElo "2314"]
[PlyCount "110"]
[EventDate "2011.10.22"]
[EventType "team-tourn"]
[EventRounds "9"]
[EventCountry "SWE"]
[SourceTitle "EXT 2013"]
[Source "ChessBase"]
[SourceDate "2012.11.22"]
[SourceVersion "1"]
[SourceVersionDate "2012.11.22"]
[SourceQuality "1"]
[WhiteTeam "Rodeby"]
[BlackTeam "Orebro"]
[WhiteTeamCountry "SWE"]
[BlackTeamCountry "SWE"]

1. e4 c6 2. d4 d5 3. exd5 cxd5 4. Bd3 Nc6 5. c3 Qc7 6. Ne2 Bg4 7. f3 Bd7 8. Bf4 Qb6 9. Nd2 Nf6 10. Qb3 Qxb3 11. axb3 e6 12. h3 Be7 13. b4 Nh5 14. Bh2 Bh4+ 15. Kd1 Bd8 16. Nb3 Nf6 17. Nc5 Bc8 18. Bb5 0-0 19. Kd2 Nd7 20. Bd6 Re8 21. Ra2 Bg5+ 22. f4 Be7 23. Bxc6 bxc6 24. Bxe7 Rxe7 25. Nxd7 Bxd7 26. Nc1 f6 27. Nd3 Be8 28. Re1 Rc8 29. f5 Bf7 30. fxe6 Rxe6 31. Rxe6 Bxe6 32. Rxa7 Bf5 33. Nc5 h5 34. Nb7 Rc7 35. Ra8+ Kh7 36. Nd6 Kg6 37. Nxf5 Kxf5 38. Ke3 Re7+ 39. Kf2 Re6 40. Ra6 h4 41. Rb6 g5 42. Ra6 Re8 43. Rxc6 Ra8 44. Kf3 Ra1 45. Rd6 Rf1+ 46. Ke3 Re1+ 47. Kf2 Rb1 48. Rxd5+ Kf4 49. Rd6 Rxb2+ 50. Ke1 f5 51. Kf1 Rb1+ 52. Ke2 Rb2+ 53. Kf1 Rb1+ 54. Kf2 Rb2+ 55. Kf1 Rb1+ 1/2-1/2

[Event "SWE-chT2 1112"]
[Site "Sweden"]
[Date "2012.01.14"]
[Round "4"]
[White "Andersson, Bjorn2222"]
[Black "Greiff, Hakan"]
[Result "1-0"]
[WhiteElo "2286"]
[BlackElo "2275"]
[PlyCount "167"]
[EventDate "2011.10.22"]
[EventType "team-tourn"]
[EventRounds "9"]
[EventCountry "SWE"]
[SourceTitle "EXT 2013"]
[Source "ChessBase"]
[SourceDate "2012.11.22"]
[SourceVersion "1"]
[SourceVersionDate "2012.11.22"]
[SourceQuality "1"]
[WhiteTeam "Burgsvik Alva"]
[BlackTeam "Rodeby"]
[WhiteTeamCountry "SWE"]
[BlackTeamCountry "SWE"]

1. g3 d5 2. Bg2 Nf6 3. c4 e6 4. Nf3 Be7 5. 0-0 0-0 6. Qc2 d4 7. d3 c5 8. Bg5 Nc6 9. Nbd2 Ng4 10. Bxe7 Qxe7 11. a3 Rb8 12. Rfe1 Rd8 13. h3 Nf6 14. b4 cxb4 15. axb4 Nxb4 16. Qb2 Nc6 17. Nb3 Qb4 18. Reb1 e5 19. Na5 Qxb2 20. Rxb2 Nxa5 21. Rxa5 e4 22. dxe4 Be6 23. Rxa7 Nxe4 24. Raxb7 Rxb7 25. Rxb7 h6 26. Ne5 Nc3 27. Nc6 Re8 28. Nxd4 Bxc4 29. e3 Bd5 30. Bxd5 Nxd5 31. Nf5 Nf6 32. Nd6 Rf8 33. Kg2 Ne8 34. Nf5 h5 35. Ne7+ Kh7 36. Nd5 Nf6 37. Nf4 Kg8 38. Kf3 g6 39. Nd3 Re8 40. Nc5 Re5 41. Nd3 Rd5 42. Nf4 Rd7 43. Rb8+ Kg7 44. Ra8 Rb7 45. Ra6 Nd7 46. Nd3 Rb5 47. Nf4 Rb7 48. g4 hxg4+ 49. hxg4 Rb5 50. Ra7 Nf8 51. Kg3 Re5 52. Ng2 Ne6 53. f4 Rc5 54. Ne1 Rc3 55. Kf2 Nc5 56. Ke2 Rb3 57. Kf3 Rb1 58. Nc2 Rb7 59. Ra8 Ne6 60. g5 Rb3 61. Rc8 Rd3 62. Nd4 Nxd4+ 63. Ke4 Rd1 64. exd4 Re1+ 65. Kd3 Rf1 66. Ke3 Re1+ 67. Kd3 Rd1+ 68. Ke4 Re1+ 69. Kf3 Re7 70. Rc6 Kf8 71. Rc5 Rd7 72. Ke4 Ra7 73. d5 Re7+ 74. Kd4 Re1 75. d6 Rd1+ 76. Ke5 Ke8 77. Rc8+ Kd7 78. Rc7+ Ke8 79. Rc8+ Kd7 80. Rf8 Re1+ 81. Kf6 Re6+ 82. Kg7 Rxd6 83. Rxf7+ Ke8 84. Rf6 1-0

[Event "SWE-chT2 0809"]
[Site "Sweden"]
[Date "2009.03.13"]
[Round "7"]
[White "Bergstrom, Rolf"]
[Black "Greiff, Hakan"]
[Result "1/2-1/2"]
[WhiteElo "2355"]
[BlackElo "2282"]
[PlyCount "124"]
[EventDate "2008.10.25"]
[EventType "team-tourn"]
[EventRounds "9"]
[EventCountry "SWE"]
[SourceTitle "EXT 2011"]
[Source "ChessBase"]
[SourceDate "2010.11.26"]
[SourceVersion "1"]
[SourceVersionDate "2010.11.26"]
[SourceQuality "1"]

1. e4 e5 2. Nc3 Nc6 3. Nf3 Nf6 4. Bb5 Bc5 5. Bxc6 dxc6 6. d3 Qe7 7. h3 h6 8. Bd2 Bd6 9. Qe2 c5 10. Nd1 Be6 11. Ne3 Nd7 12. Bc3 f6 13. a4 Nb8 14. Nh4 Qf7 15. Nc4 Nc6 16. 0-0 g5 17. Nf5 Bxf5 18. exf5 0-0-0 19. Qe4 Qd7 20. Na5 Nxa5 21. Bxa5 Be7 22. Bd2 Qd5 23. Be3 Qxe4 24. dxe4 a5 25. Ra3 Rd7 26. Rc3 Rhd8 27. Re1 b6 28. Kf1 Rd1 29. Ke2 Rxe1+ 30. Kxe1 Kd7 31. Rd3+ Bd6 32. c4 Ke7 33. g3 Kf7 34. Ke2 Re8 35. Bd2 Re7 36. Kf3 Re8 37. Bc3 Re7 38. Kg4 Kg7 39. Rd1 Re8 40. Rh1 Re7 41. Kh5 Re8 42. Rd1 Kf7 43. Rd5 Kg7 44. Rd1 Kf7 45. Rh1 Rg8 46. Bd2 Rd8 47. Kg4 Re8 48. h4 Kg7 49. hxg5 hxg5 50. Bc3 Re7 51. Rh5 Re8 52. Bd2 Rh8 53. Rxh8 Kxh8 54. f4 gxf4 55. gxf4 exf4 56. Bxf4 Kg7 57. Bd2 Be5 58. Bc3 Bd6 59. Kh5 Bf4 60. Kg4 Bd6 61. Kf3 Kf7 62. Ke3 Bg3 1/2-1/2

[Event "Paris-ch"]
[Site "Paris"]
[Date "2005.07.09"]
[Round "1"]
[White "Sher, Miron Naumovich"]
[Black "Greiff, Hakan"]
[Result "1-0"]
[WhiteElo "2420"]
[BlackElo "2244"]
[PlyCount "93"]
[EventDate "2005.07.10"]
[EventType "swiss"]
[EventRounds "9"]
[EventCountry "FRA"]
[SourceTitle "CBM 107 Extra"]
[Source "ChessBase"]
[SourceDate "2005.09.01"]
[SourceVersion "1"]
[SourceVersionDate "2005.09.01"]
[SourceQuality "1"]

1. c4 e6 2. Nf3 d5 3. g3 Nf6 4. Bg2 Be7 5. 0-0 0-0 6. d4 dxc4 7. Ne5 Nc6 8. Bxc6 bxc6 9. Nxc6 Qe8 10. Nxe7+ Qxe7 11. Qa4 e5 12. dxe5 Qxe5 13. Qxc4 Be6 14. Qa6 c5 15. Nd2 c4 16. Nf3 Qxe2 17. Nd4 Qg4 18. Nxe6 fxe6 19. Be3 Qh3 20. f3 Rac8 21. Rf2 Qf5 22. Re1 c3 23. bxc3 Rxc3 24. Bxa7 Rxf3 25. Rxf3 Qxf3 26. Qxe6+ Kh8 27. Bd4 Qa8 28. Bxf6 Rxf6 29. Qe8+ Rf8 30. Qxa8 Rxa8 31. a4 h5 32. Ra1 Ra5 33. Kf2 Kg8 34. Ke3 Kf7 35. Kd4 Ke8 36. Kc4 Kd8 37. Kb4 Rf5 38. Rc1 Rf2 39. h4 Rb2+ 40. Ka3 Re2 41. Rc3 Re1 42. a5 Kd7 43. Rc5 Re3+ 44. Kb4 Rxg3 45. a6 Rg1 46. a7 Rb1+ 47. Ka5 1-0

[Event "Politiken Cup 26th"]
[Site "Copenhagen"]
[Date "2004.07.27"]
[Round "5"]
[White "Marder, Simon"]
[Black "Greiff, Hakan"]
[Result "1/2-1/2"]
[WhiteElo "2054"]
[BlackElo "2253"]
[PlyCount "103"]
[EventDate "2004.07.24"]
[EventType "swiss"]
[EventRounds "10"]
[EventCountry "DEN"]
[SourceTitle "CBM 101 Extra"]
[Source "ChessBase"]
[SourceDate "2004.09.01"]
[SourceVersion "2"]
[SourceVersionDate "2004.09.01"]
[SourceQuality "1"]

1. d4 d5 2. Nc3 Nf6 3. Bg5 g6 4. Qd2 Bg7 5. f3 c6 6. 0-0-0 h6 7. Bf4 Nbd7 8. g4 Qa5 9. e3 b5 10. e4 b4 11. Nb1 dxe4 12. Bc4 Nd5 13. fxe4 Nxf4 14. Qxf4 Bf6 15. Nf3 g5 16. Qe3 Nb6 17. Bb3 Bxg4 18. e5 Bg7 19. Qe4 Bxf3 20. Qxf3 Nd5 21. Nd2 Qc7 22. h4 0-0-0 23. Qxf7 Rhg8 24. hxg5 hxg5 25. Ne4 Rdf8 26. Qe6+ Qd7 27. Bxd5 cxd5 28. Qa6+ Qb7 29. Qe6+ Qd7 30. Qa6+ Qb7 31. Qe6+ Qd7 32. Nxg5 Bxe5 33. Qxe5 Rf5 34. Qe1 Rfxg5 35. Qxb4 Rg2 36. Rde1 Qc6 37. Qb3 R8g3 38. c3 Kd7 39. Rh7 Rg7 40. Rxg7 Rxg7 41. Qc2 Qh6+ 42. Kb1 Qg6 43. Qxg6 Rxg6 44. Re2 a5 45. b3 Rc6 46. Kb2 Rb6 47. Ka3 Rc6 48. Re3 Rc8 49. Ka4 Kd6 50. Rg3 e6 51. Ka3 Rc7 52. Ka4 1/2-1/2

[Event "Politiken Cup 26th"]
[Site "Copenhagen"]
[Date "2004.07.25"]
[Round "2"]
[White "Greiff, Hakan"]
[Black "Hansen, Rene Rauer"]
[Result "1-0"]
[WhiteElo "2253"]
[BlackElo "2066"]
[PlyCount "83"]
[EventDate "2004.07.24"]
[EventType "swiss"]
[EventRounds "10"]
[EventCountry "DEN"]
[SourceTitle "CBM 101 Extra"]
[Source "ChessBase"]
[SourceDate "2004.09.01"]
[SourceVersion "2"]
[SourceVersionDate "2004.09.01"]
[SourceQuality "1"]

1. e4 d6 2. d4 Nf6 3. Nc3 e5 4. Nge2 Nbd7 5. f3 c6 6. Be3 Be7 7. g4 exd4 8. Nxd4 Ne5 9. Be2 h6 10. Bf4 Bd7 11. Qd2 Qa5 12. h4 b5 13. a4 b4 14. Nd1 c5 15. Nb3 Qc7 16. Bxe5 dxe5 17. Bc4 Rd8 18. Qe2 Bc6 19. Nd2 Qd7 20. Bb5 0-0 21. Bxc6 Qxc6 22. Ne3 Rd7 23. b3 Rfd8 24. 0-0-0 Rd4 25. Nf5 R4d7 26. Nc4 Rxd1+ 27. Rxd1 Rxd1+ 28. Qxd1 Qe6 29. Kb2 Kh7 30. h5 g6 31. hxg6+ fxg6 32. Nfe3 Nd7 33. Nd5 Bg5 34. Qd3 h5 35. gxh5 gxh5 36. Nce3 Qh3 37. Nf5 Qh1 38. Nde3 Nf6 39. Qd8 Kg6 40. Qh8 h4 41. Qg7+ Kh5 42. Qf7# 1-0

[Event "Internet Section 10B g/8'+2\""]
[Site "Dos Hermanas"]
[Date "2004.03.11"]
[Round "4"]
[White "Shipov, Sergei"]
[Black "Greiff, Hakan"]
[Result "1-0"]
[WhiteElo "2589"]
[BlackElo "2253"]
[PlyCount "75"]
[EventDate "2004.03.10"]
[EventType "swiss (blitz)"]
[EventRounds "9"]
[EventCountry "ESP"]
[SourceTitle "EXT 2005"]
[Source "ChessBase"]
[SourceDate "2004.11.15"]
[SourceVersion "1"]
[SourceVersionDate "2004.11.15"]
[SourceQuality "1"]

1. d4 d5 2. c4 e6 3. Nc3 Nf6 4. cxd5 exd5 5. Bg5 c6 6. Qc2 Be7 7. e3 Nbd7 8. Nf3 0-0 9. Bd3 Re8 10. h3 Nf8 11. Bf4 Bd6 12. Bxd6 Qxd6 13. 0-0 Re7 14. Rab1 a5 15. a3 Bd7 16. b4 axb4 17. axb4 Ng6 18. b5 Rae8 19. Rfc1 Ne4 20. Bxe4 dxe4 21. Nd2 f5 22. bxc6 bxc6 23. Rb7 Kh8 24. Nc4 Qe6 25. Na4 f4 26. Nc5 Qd5 27. Nb6 Qg5 28. Rxd7 Nh4 29. f3 exf3 30. e4 Nxg2 31. Qf2 Rxd7 32. Nbxd7 Ra8 33. Ne5 Qh5 34. Qxf3 Qxf3 35. Nxf3 Ne3 36. Ne6 h6 37. Nxf4 Rf8 38. Ng6+ 1-0

[Event "Internet Section 18-A"]
[Site "Dos Hermanas"]
[Date "2003.03.18"]
[Round "5"]
[White "Al Sayed, Mohammed"]
[Black "Greiff, Hakan"]
[Result "0-1"]
[WhiteElo "2431"]
[BlackElo "2296"]
[PlyCount "118"]
[EventDate "2003.03.18"]
[EventType "swiss (blitz)"]
[EventRounds "9"]
[EventCountry "ESP"]
[SourceTitle "EXT 2004"]
[Source "ChessBase"]
[SourceDate "2003.11.25"]
[SourceVersion "1"]
[SourceVersionDate "2003.11.25"]
[SourceQuality "1"]

1. e4 e5 2. Nf3 Nc6 3. Bc4 Bc5 4. c3 Nf6 5. d3 d6 6. Bb3 Bb6 7. Nbd2 Ne7 8. Nc4 Ng6 9. 0-0 0-0 10. h3 c6 11. Nxb6 axb6 12. Re1 b5 13. d4 Qe7 14. Bg5 h6 15. Nh4 Kh7 16. Nxg6 fxg6 17. Bh4 g5 18. Bg3 Be6 19. d5 cxd5 20. exd5 Bd7 21. h4 gxh4 22. Bxh4 g5 23. Bg3 Qf7 24. Qd3+ Qg6 25. Qxg6+ Kxg6 26. f3 Bf5 27. Bf2 Bd3 28. Red1 Bc4 29. Bc2+ Kg7 30. Bb3 Ra6 31. Bxc4 bxc4 32. b3 cxb3 33. axb3 Rxa1 34. Rxa1 Nxd5 35. c4 Nf6 36. Ra7 Rf7 37. Ra8 Rd7 38. b4 d5 39. c5 d4 40. Be1 e4 41. fxe4 Nxe4 42. Re8 Nf6 43. Rb8 d3 44. b5 d2 45. Bxd2 Rxd2 46. Rxb7+ Kg6 47. c6 Rc2 48. Re7 Kf5 49. Rg7 Rc5 50. c7 Nd5 51. Rf7+ Kg4 52. Rh7 Nxc7 53. b6 Nd5 54. b7 Rb5 55. Rxh6 Rxb7 56. Kh2 Nf4 57. g3 Rb2+ 58. Kh1 Kxg3 59. Rc6 Rb1+ 0-1

[Event "Internet Section 17-A"]
[Site "Dos Hermanas"]
[Date "2003.03.17"]
[Round "3"]
[White "Ivanisevic, Ivan"]
[Black "Greiff, Hakan"]
[Result "1-0"]
[WhiteElo "2555"]
[BlackElo "2296"]
[PlyCount "41"]
[EventDate "2003.03.17"]
[EventType "swiss (blitz)"]
[EventRounds "9"]
[EventCountry "ESP"]
[SourceTitle "EXT 2004"]
[Source "ChessBase"]
[SourceDate "2003.11.25"]
[SourceVersion "1"]
[SourceVersionDate "2003.11.25"]
[SourceQuality "1"]

1. Nf3 d5 2. c4 e6 3. d4 Nf6 4. e3 Be7 5. Nc3 Nbd7 6. Bd3 dxc4 7. Bxc4 a6 8. e4 b5 9. Bd3 Bb7 10. Qe2 0-0 11. 0-0 c5 12. e5 Nd5 13. Qe4 g6 14. Qg4 cxd4 15. Ne4 Nb4 16. Bb1 Qc7 17. Bh6 Rfc8 18. Qf4 d3 19. Neg5 Bxg5 20. Nxg5 Nxe5 21. Qf6 1-0